000 01270cam a22001934a 4500
005 20250605164144.0
008 250528s ||||||||||||||||||||||||d
035 _a19106
040 _aGR-AtMCL
_bgre
_dGR-AtMCL
_eAACR2
245 1 _aΣυνταγματικό Δίκαιο και Πολιτικοί Θεσμοί / Παραδόσεις στους Φοιτητές της Ανώτατης Βιομηχανικής Σχολής Πειραιώς
260 _bΣταμούλης Α,
_c1989
300 _a200
520 _aΔίκαιο Αντικειμενικό και Εξ Υποκειμένου και Πηγές του Δικαίου και Θετικό και Φυσικό Δίκαιο και Δίκαιο της Κοινωνικής Συνειδήσεως, Το Κράτος, Διακρίσεις Πολιτευμάτων, Διακρίσεις Λειτουργιών, Η Έννοια του Συντάγματος, Έλεγχος της Αντισυνταγματικότητος του Νόμου, Δικαιώματα και Ελευθερίες, Θρησκευτική Ελευθερία.
700 1 _aΝτοκόπουλος Γεώργιος
_95353
700 1 _aΧατζηδίνας Ιάσων Α
_95354
942 _cBK
999 _c4385
_d4385